<?xml version="1.0" encoding="UTF-8"?>
<record
    xmlns:xsi="http://www.w3.org/2001/XMLSchema-instance"
    xsi:schemaLocation="http://www.loc.gov/MARC21/slim http://www.loc.gov/standards/marcxml/schema/MARC21slim.xsd"
    xmlns="http://www.loc.gov/MARC21/slim">

  <leader>01247nam a2200229Ia 4500</leader>
  <controlfield tag="001">b2806-25005 [4004]</controlfield>
  <controlfield tag="003">IT-MiCISF</controlfield>
  <controlfield tag="005">20230307141753.0</controlfield>
  <controlfield tag="008">161014s9999||||xx |||||||||||||| ||und||</controlfield>
  <datafield tag="040" ind1=" " ind2=" ">
    <subfield code="a">IT-MiCISF</subfield>
    <subfield code="c">IT-MiCISF</subfield>
  </datafield>
  <datafield tag="041" ind1=" " ind2=" ">
    <subfield code="a">it</subfield>
  </datafield>
  <datafield tag="100" ind1=" " ind2=" ">
    <subfield code="a">Ammaniti Massimo (a cura di)</subfield>
    <subfield code="9">59624</subfield>
  </datafield>
  <datafield tag="245" ind1=" " ind2="0">
    <subfield code="a">La gravidanza tra fantasia e realt&#xE0;</subfield>
  </datafield>
  <datafield tag="260" ind1=" " ind2=" ">
    <subfield code="a"> Roma,</subfield>
    <subfield code="b">Il Pensiero Scientifico,</subfield>
    <subfield code="c">1992</subfield>
  </datafield>
  <datafield tag="300" ind1=" " ind2=" ">
    <subfield code="a">pp. 235</subfield>
  </datafield>
  <datafield tag="500" ind1=" " ind2=" ">
    <subfield code="a"> / gravidanza, esperienze, psicologia, psicoanalisi, corpo, identit&#xE0;-femminile, conflitto, nascita, vissuto-maternit&#xE0;, rapporti-madre-figli, periodo-perinatale, periodo-neonatale, procreazione-artificiale, adolescenza, tossicodipendenza / </subfield>
  </datafield>
  <datafield tag="650" ind1=" " ind2=" ">
    <subfield code="a">procreazione</subfield>
    <subfield code="9">56309</subfield>
  </datafield>
  <datafield tag="654" ind1=" " ind2=" ">
    <subfield code="a">saggio</subfield>
  </datafield>
  <datafield tag="700" ind1=" " ind2=" ">
    <subfield code="a">Albergamo M., Ammaniti M., Antonioli M.E., Birksted-Breen D., Candelori C., </subfield>
    <subfield code="a">Cocci V., De Benedetti Gaddini R.,  Fava Vizziello G.M., Ferraro F., Fonagy P., </subfield>
    <subfield code="a">Frassine R., Giannotti A., Guerrini Degl'Innocenti B., Invernizzi R., Lipari E,</subfield>
    <subfield code="a">Matarazzo O., Mazzoni S., Muscetta S., Natali P., Nunziante Cesaro A., Pazzagli A.,</subfield>
    <subfield code="a">Pennisi L., Perucchini P., Piontelli A., Pola M., ,Sabatello U., Speranza A.M., Tambelli R., Veneziano M.</subfield>
    <subfield code="9">59625</subfield>
  </datafield>
  <datafield tag="942" ind1=" " ind2=" ">
    <subfield code="c">BK</subfield>
    <subfield code="2">ddc</subfield>
  </datafield>
  <datafield tag="999" ind1=" " ind2=" ">
    <subfield code="c">214629</subfield>
    <subfield code="d">214629</subfield>
  </datafield>
  <datafield tag="999" ind1=" " ind2=" ">
    <subfield code="b">si</subfield>
  </datafield>
  <datafield tag="952" ind1=" " ind2=" ">
    <subfield code="0">0</subfield>
    <subfield code="1">0</subfield>
    <subfield code="4">0</subfield>
    <subfield code="6">B_280625005_4004</subfield>
    <subfield code="7">1</subfield>
    <subfield code="a">CISF</subfield>
    <subfield code="b">CISF</subfield>
    <subfield code="d">2016-10-14</subfield>
    <subfield code="l">0</subfield>
    <subfield code="o">b2806-25005 [4004]</subfield>
    <subfield code="r">2016-10-14 00:00:00</subfield>
    <subfield code="w">2016-10-14</subfield>
    <subfield code="y">BK</subfield>
    <subfield code="z">Data import 15.10.2016 / by Epidotti, Vaglietti</subfield>
  </datafield>
</record>
